[Event "Saratov Regional-ch"]
[Site "Saratov"]
[Date "2014.12.08"]
[Round "3"]
[White "Bolychevsky, Alexander"]
[Black "Machkalyan, Karen"]
[Result "1-0"]
[WhiteElo "1861"]
[BlackElo "1769"]
[PlyCount "112"]
[EventDate "2014.12.06"]
[EventType "swiss"]
[EventRounds "9"]
[EventCountry "RUS"]
[SourceTitle "CBM 164 Extra"]
[Source "ChessBase"]
[SourceDate "2015.03.02"]
[SourceVersion "1"]
[SourceVersionDate "2015.03.02"]
[SourceQuality "1"]

1. Nf3 e6 2. d4 c5 3. c4 cxd4 4. Nxd4 a6 5. Nc3 Qc7 6. e4 g6 7. Be3 Bg7 8. Qd2 b6 9. Be2 Bb7 10. f3 Ne7 11. Bh6 0-0 12. Nc2 Nbc6 13. Bxg7 Kxg7 14. 0-0-0 Rfd8 15. h4 Rac8 16. h5 Ng8 17. hxg6 fxg6 18. Qd6 Ne5 19. Ne3 Nf6 20. Kb1 Nf7 21. Qd2 d6 22. Qd4 Rd7 23. Na4 Bc6 24. Nc3 Bb7 25. g4 Qc5 26. Qd2 Bc6 27. Nc2 e5 28. b4 Qf2 29. Rdg1 b5 30. Ne3 Ng5 31. Qc1 Nfxe4 32. Rg2 Nxc3+ 33. Qxc3 Ne4 34. Qc1 Qxe2 35. Rxe2 Ng3 36. Rf2 Nxh1 37. Qxh1 bxc4 38. Nxc4 Rb8 39. a3 Bd5 40. Nb2 a5 41. bxa5 Rf7 42. Qd1 Rb5 43. a6 Ra7 44. Qd3 Ra5 45. Rh2 R7xa6 46. Qd2 Bg8 47. Qh6+ Kf7 48. Rc2 Ra7 49. Rc8 Kf6 50. Rxg8 Rxa3 51. g5+ Ke6 52. Rc8 Rxf3 53. Re8+ Kd5 54. Qh1 Raf7 55. Qd1+ Kc6 56. Qa4+ Kd5 1-0

[Event "Saratov-ch"]
[Site "Saratov"]
[Date "2014.03.04"]
[Round "8"]
[White "Vdovin, Sergey Anatolievich"]
[Black "Bolychevsky, Alexander"]
[Result "1/2-1/2"]
[WhiteElo "1763"]
[BlackElo "1866"]
[PlyCount "52"]
[EventDate "2014.02.24"]
[EventType "swiss"]
[EventRounds "9"]
[EventCountry "RUS"]
[SourceTitle "CBM 159 Extra"]
[Source "ChessBase"]
[SourceDate "2014.04.24"]
[SourceVersion "1"]
[SourceVersionDate "2014.04.24"]
[SourceQuality "1"]

1. Nf3 Nf6 2. b3 g6 3. Bb2 Bg7 4. c4 0-0 5. e3 c5 6. Be2 Nc6 7. 0-0 e6 8. d3 b6 9. Nbd2 Bb7 10. a3 d5 11. Ne5 Nxe5 12. Bxe5 dxc4 13. dxc4 Ne4 14. Bxg7 Kxg7 15. Nxe4 Bxe4 16. f3 Bc6 17. Qxd8 Rfxd8 18. Rfd1 Kf6 19. Kf2 Ke7 20. h4 h6 21. Kg3 Rxd1 22. Rxd1 Rd8 23. Rxd8 Kxd8 24. Kf4 Ke7 25. Bd3 Kf6 26. Bc2 Bb7 1/2-1/2

[Event "Saratov-ch"]
[Site "Saratov"]
[Date "2014.02.28"]
[Round "5"]
[White "Bolychevsky, Alexander"]
[Black "Guliev, Gasan"]
[Result "1-0"]
[WhiteElo "1866"]
[BlackElo "2000"]
[PlyCount "145"]
[EventDate "2014.02.24"]
[EventType "swiss"]
[EventRounds "9"]
[EventCountry "RUS"]
[SourceTitle "CBM 159 Extra"]
[Source "ChessBase"]
[SourceDate "2014.04.24"]
[SourceVersion "1"]
[SourceVersionDate "2014.04.24"]
[SourceQuality "1"]

1. e4 e5 2. Nf3 Nc6 3. Bb5 a6 4. Ba4 Nf6 5. 0-0 Be7 6. Re1 b5 7. Bb3 d6 8. h3 0-0 9. c3 Nb8 10. d4 Nbd7 11. Nbd2 Bb7 12. Bc2 Re8 13. Nf1 Bf8 14. Ng3 g6 15. Bg5 Bg7 16. dxe5 dxe5 17. a4 c6 18. Qd2 Qc7 19. Rad1 Rad8 20. Qd6 Qc8 21. Qd2 Nb6 22. Qc1 Rxd1 23. Rxd1 Qe6 24. Qe3 Nc8 25. Qd2 c5 26. axb5 axb5 27. b3 Qc6 28. c4 bxc4 29. bxc4 Nb6 30. Qd3 Nfd7 31. Bd2 Ba6 32. Bb3 Bf8 33. Ba5 f6 34. Ra1 Bb7 35. Rb1 Be7 36. Bc2 Ba6 37. Bb3 Rd8 38. Rd1 Qe6 39. Qc2 Rb8 40. Ba4 Rb7 41. Bxd7 Nxd7 42. Nd2 Bf8 43. Qd3 Bh6 44. Ngf1 Kf7 45. Qd5 Qxd5 46. cxd5 Be2 47. Rb1 Rxb1 48. Nxb1 Bd3 49. Nc3 Bxf1 50. Kxf1 Bd2 51. Ke2 Bxc3 52. Bxc3 Ke7 53. Kd3 Kd6 54. Ba5 f5 55. f3 h5 56. Bd8 Nf8 57. Kc4 Nd7 58. Ba5 Nb8 59. Bb6 Nd7 60. Ba7 f4 61. h4 Ke7 62. Bxc5+ Kf6 63. Bb4 g5 64. hxg5+ Kxg5 65. Kb5 h4 66. Be7+ Kh5 67. d6 Kg6 68. Kc6 Nb8+ 69. Kb7 Nd7 70. Kc7 h3 71. gxh3 Nc5 72. d7 Ne6+ 73. Kd6 1-0

[Event "Saratov-ch"]
[Site "Saratov"]
[Date "2014.02.24"]
[Round "1"]
[White "Bolychevsky, Alexander"]
[Black "Dmitrieva, Galina Vladimirovna"]
[Result "1-0"]
[WhiteElo "1866"]
[BlackElo "2228"]
[PlyCount "53"]
[EventDate "2014.02.24"]
[EventType "swiss"]
[EventRounds "9"]
[EventCountry "RUS"]
[SourceTitle "CBM 159 Extra"]
[Source "ChessBase"]
[SourceDate "2014.04.24"]
[SourceVersion "1"]
[SourceVersionDate "2014.04.24"]
[SourceQuality "1"]

1. Nf3 Nf6 2. c4 c5 3. Nc3 Nc6 4. d4 cxd4 5. Nxd4 g6 6. e4 Bg7 7. Be3 0-0 8. Be2 d6 9. 0-0 a6 10. Qd2 Ne5 11. f3 Qc7 12. Nd5 Nxd5 13. cxd5 Bd7 14. h3 f6 15. Rfc1 Qd8 16. Qb4 Rb8 17. Rc2 b5 18. Rac1 Nf7 19. Rc7 f5 20. Ne6 Bxe6 21. dxe6 Nh6 22. Rd7 Qe8 23. Rcc7 Rf6 24. Rxe7 Qf8 25. Rxg7+ Qxg7 26. Rxg7+ Kxg7 27. Bd4 1-0

[Event "RUS-ch U26"]
[Site "Saratov"]
[Date "2013.09.30"]
[Round "7"]
[White "Chaban, Alexander"]
[Black "Bolychevsky, Alexander"]
[Result "1-0"]
[WhiteElo "2094"]
[BlackElo "1874"]
[PlyCount "93"]
[EventDate "2013.09.24"]
[EventType "swiss"]
[EventRounds "9"]
[EventCountry "RUS"]
[SourceTitle "EXT 2015"]
[Source "ChessBase"]
[SourceDate "2014.11.20"]
[SourceVersion "1"]
[SourceVersionDate "2014.11.20"]
[SourceQuality "1"]

1. c4 c5 2. Nf3 Nf6 3. Nc3 Nc6 4. d4 cxd4 5. Nxd4 g6 6. e4 Nxd4 7. Qxd4 Bg7 8. e5 Ng8 9. Be3 d6 10. f4 dxe5 11. fxe5 Qxd4 12. Bxd4 Nh6 13. Nd5 Nf5 14. Bc3 0-0 15. g4 Nh6 16. h3 f5 17. Nxe7+ Kh8 18. Be2 Nf7 19. gxf5 Bxf5 20. Nxf5 gxf5 21. Bf3 Bxe5 22. 0-0-0 Bxc3 23. bxc3 Rac8 24. Rd4 b5 25. Bd5 bxc4 26. Re1 Nd6 27. Re7 f4 28. Rd2 Rce8 29. Rxa7 f3 30. Rf2 Ne4 31. Bxe4 Rxe4 32. Rd7 Rff4 33. Kd2 Re8 34. Rd4 Rxd4+ 35. cxd4 Ra8 36. Kc3 Ra4 37. Kb2 Rb4+ 38. Ka3 Rb1 39. Rxf3 Rd1 40. Rc3 Rxd4 41. Kb4 Rh4 42. a4 Kg7 43. a5 Rh6 44. Kxc4 Ra6 45. Kb5 Ra8 46. Rc7+ Kg6 47. a6 1-0

[Event "RUS-ch U26"]
[Site "Saratov"]
[Date "2013.09.28"]
[Round "5"]
[White "Bolychevsky, Alexander"]
[Black "Lomakin, Nikita"]
[Result "1-0"]
[WhiteElo "1874"]
[BlackElo "1710"]
[PlyCount "83"]
[EventDate "2013.09.24"]
[EventType "swiss"]
[EventRounds "9"]
[EventCountry "RUS"]
[SourceTitle "EXT 2015"]
[Source "ChessBase"]
[SourceDate "2014.11.20"]
[SourceVersion "1"]
[SourceVersionDate "2014.11.20"]
[SourceQuality "1"]

1. Nf3 Nf6 2. d4 d5 3. c4 e6 4. g3 c5 5. cxd5 Nxd5 6. Bg2 Nc6 7. 0-0 h6 8. Nc3 Nxc3 9. bxc3 cxd4 10. cxd4 Be7 11. Ne5 Nxe5 12. dxe5 0-0 13. Qxd8 Rxd8 14. Rb1 Rb8 15. Be3 b6 16. Rfd1 Ba6 17. Bf3 Rxd1+ 18. Rxd1 Rd8 19. Rc1 Rc8 20. Rd1 Bb5 21. Rb1 Ba6 22. Rd1 Rc7 23. Kf1 Kf8 24. Ke1 Bb4+ 25. Bd2 Bxd2+ 26. Rxd2 Ke7 27. Be4 Bb7 28. Bxb7 Rxb7 29. f4 Rc7 30. Kd1 a5 31. Rc2 Kd7 32. Rd2+ Kc6 33. g4 Kb5 34. Rb2+ Ka6 35. h4 Rc4 36. e3 Kb7 37. h5 Kc6 38. Rc2 Kc5 39. Rxc4+ Kxc4 40. g5 hxg5 41. fxg5 Kd3 42. h6 1-0

[Event "Saratov Regional-ch"]
[Site "Saratov"]
[Date "2013.06.01"]
[Round "1"]
[White "Palin, Denis"]
[Black "Bolychevsky, Alexander"]
[Result "1/2-1/2"]
[WhiteElo "2145"]
[BlackElo "1856"]
[PlyCount "46"]
[EventDate "2013.06.01"]
[EventType "swiss"]
[EventRounds "9"]
[EventCountry "RUS"]
[SourceTitle "EXT 2014"]
[Source "ChessBase"]
[SourceDate "2013.11.20"]
[SourceVersion "1"]
[SourceVersionDate "2013.11.20"]
[SourceQuality "1"]

1. c4 c5 2. Nc3 Nc6 3. g3 g6 4. Bg2 Bg7 5. e3 Nf6 6. Nge2 0-0 7. 0-0 e6 8. d4 cxd4 9. exd4 d5 10. cxd5 Nxd5 11. Nxd5 exd5 12. Be3 Bg4 13. Re1 Re8 14. Qd2 Bxe2 15. Rxe2 Nxd4 16. Bxd4 Rxe2 17. Qxe2 Bxd4 18. Rd1 Qf6 19. Bxd5 Rd8 20. Bf3 b6 21. Kg2 Bc5 22. Rd2 Rxd2 23. Qxd2 Qd4 1/2-1/2

[Event "Saratov Autumn SSEU 4st stage"]
[Site "Saratov"]
[Date "2012.10.17"]
[Round "4.8"]
[White "Bolychevsky, Alexander"]
[Black "Protopopova, Anastasiya"]
[Result "0-1"]
[WhiteElo "1857"]
[BlackElo "1811"]
[PlyCount "81"]
[EventDate "2012.10.13"]
[EventType "swiss"]
[EventRounds "5"]
[EventCountry "RUS"]
[SourceTitle "EXT 2022"]
[Source "ChessBase"]
[SourceDate "2021.10.06"]
[SourceVersion "1"]
[SourceVersionDate "2021.10.06"]
[SourceQuality "1"]

1. e4 e5 2. Nf3 Nc6 3. Bb5 a6 4. Ba4 Nf6 5. 0-0 b5 6. Bb3 Be7 7. Re1 d6 8. c3 Nb8 9. d4 Nbd7 10. Nbd2 c5 11. Nf1 0-0 12. Ng3 Re8 13. a4 Rb8 14. axb5 axb5 15. Bd2 Bf8 16. Ra7 Qb6 17. Qa1 h6 18. Qa2 c4 19. Bc2 Bb7 20. Qa5 Qc6 21. d5 Qc8 22. Ra1 Nc5 23. Qa3 Ra8 24. Be3 Nfd7 25. Nd2 Rxa7 26. Qxa7 Na6 27. Ra5 b4 28. Ba4 bxc3 29. bxc3 Rd8 30. Bb5 Nac5 31. Bxd7 Rxd7 32. Bxc5 dxc5 33. Qb6 Bd6 34. Ra7 Bb8 35. Ra4 Rd6 36. Qb2 Ra6 37. Rxc4 Bd6 38. Nf5 f6 39. h3 Bxd5 40. Nxh6+ gxh6 41. exd5 0-1

[Event "Saratov Autumn SSEU 4st stage"]
[Site "Saratov"]
[Date "2012.10.16"]
[Round "3.10"]
[White "Kocheryagina, Polina"]
[Black "Bolychevsky, Alexander"]
[Result "0-1"]
[WhiteElo "1628"]
[BlackElo "1857"]
[PlyCount "131"]
[EventDate "2012.10.13"]
[EventType "swiss"]
[EventRounds "5"]
[EventCountry "RUS"]
[SourceTitle "EXT 2022"]
[Source "ChessBase"]
[SourceDate "2021.10.06"]
[SourceVersion "1"]
[SourceVersionDate "2021.10.06"]
[SourceQuality "1"]

1. e4 e6 2. d4 d5 3. exd5 exd5 4. Bd3 Bd6 5. Ne2 Nf6 6. c3 0-0 7. 0-0 c6 8. Bf4 Bg4 9. f3 Bh5 10. Qd2 Bg6 11. Bxd6 Qxd6 12. Bxg6 hxg6 13. Na3 Nbd7 14. Qf4 Qe7 15. Ng3 Rfe8 16. Nc2 Nb6 17. Rfe1 Qd7 18. b3 Rxe1+ 19. Rxe1 Re8 20. Rxe8+ Qxe8 21. Qe3 Qxe3+ 22. Nxe3 Nc8 23. Ne2 Nd6 24. Nf4 Nb5 25. Ne2 Ne8 26. Nc2 Ned6 27. a4 Nc7 28. Ne3 Ne6 29. Kf2 Kf8 30. Kg3 Ke7 31. Nf4 Nxf4 32. Kxf4 Ke6 33. h3 Ne8 34. Ng4 Nf6 35. Nxf6 Kxf6 36. g4 b6 37. h4 Ke6 38. Ke3 Kd6 39. f4 Ke6 40. Kf3 a5 41. Ke3 Kd6 42. Kd3 b5 43. Ke3 Ke6 44. Kd3 Kd6 45. Ke3 Ke6 46. Kd3 Kd6 47. Ke3 Kc7 48. Kd3 Kb6 49. Kd2 c5 50. Kc2 c4 51. Kb2 Kc6 52. Kc2 Kb6 53. Kb2 Kc6 54. Kc2 cxb3+ 55. Kxb3 bxa4+ 56. Kxa4 Kb6 57. f5 gxf5 58. gxf5 f6 59. c4 dxc4 60. Ka3 Kc6 61. Kb2 Kd5 62. Kc3 a4 63. h5 a3 64. h6 gxh6 65. Kd2 Kxd4 66. Kc2 0-1

[Event "Saratov Autumn SSEU 4st stage"]
[Site "Saratov"]
[Date "2012.10.15"]
[Round "2.10"]
[White "Sokolov, Denis"]
[Black "Bolychevsky, Alexander"]
[Result "1-0"]
[WhiteElo "1629"]
[BlackElo "1857"]
[PlyCount "33"]
[EventDate "2012.10.13"]
[EventType "swiss"]
[EventRounds "5"]
[EventCountry "RUS"]
[SourceTitle "EXT 2022"]
[Source "ChessBase"]
[SourceDate "2021.10.06"]
[SourceVersion "1"]
[SourceVersionDate "2021.10.06"]
[SourceQuality "1"]

1. d4 d5 2. c4 c6 3. Nc3 Nf6 4. Bf4 dxc4 5. e3 Qa5 6. Bxc4 Nd5 7. Nge2 Nxf4 8. Nxf4 e6 9. 0-0 Bd6 10. Qg4 g6 11. Ne4 Be7 12. Qh3 0-0 13. Qh6 Qf5 14. Bd3 Qg4 15. g3 e5 16. dxe5 Kh8 17. Nf6 1-0

[Event "Moscow op-A"]
[Site "Moscow"]
[Date "2012.02.05"]
[Round "9"]
[White "Bolychevsky, Alexander"]
[Black "Sarana, Alexey"]
[Result "0-1"]
[WhiteElo "1882"]
[BlackElo "2045"]
[PlyCount "88"]
[EventDate "2012.01.28"]
[EventType "swiss"]
[EventRounds "9"]
[EventCountry "RUS"]
[SourceTitle "CBM 146 Extra"]
[Source "ChessBase"]
[SourceDate "2012.02.29"]
[SourceVersion "1"]
[SourceVersionDate "2012.02.29"]
[SourceQuality "1"]

1. Nf3 Nf6 2. c4 g6 3. Nc3 d5 4. cxd5 Nxd5 5. e4 Nxc3 6. bxc3 Bg7 7. d4 c5 8. Be3 0-0 9. Qd2 cxd4 10. cxd4 Nc6 11. Rc1 Qd6 12. Be2 Rd8 13. d5 Ne5 14. 0-0 b6 15. Nd4 Ng4 16. Bxg4 Bxg4 17. Nc6 Rdc8 18. Bg5 Re8 19. Rfe1 f6 20. Bf4 e5 21. Be3 Bd7 22. Rc3 f5 23. f3 f4 24. Bf2 g5 25. a4 g4 26. fxg4 Bxg4 27. a5 Bh6 28. Qa2 Kh8 29. axb6 axb6 30. Qb2 Bd7 31. Bxb6 Rac8 32. Bc5 Qf6 33. Nb4 Bg7 34. Qd2 Bh6 35. Qc2 Rg8 36. Kh1 Qg5 37. d6 f3 38. g3 Qd2 39. Rg1 f2 40. Rf1 Qe1 41. Qd3 Bh3 42. Bxf2 Qxf1+ 43. Qxf1 Bxf1 44. Nc6 Bb5 0-1

[Event "Moscow op-A"]
[Site "Moscow"]
[Date "2012.02.02"]
[Round "6"]
[White "Logachiov, Aleksandr"]
[Black "Bolychevsky, Alexander"]
[Result "0-1"]
[WhiteElo "2116"]
[BlackElo "1882"]
[PlyCount "56"]
[EventDate "2012.01.28"]
[EventType "swiss"]
[EventRounds "9"]
[EventCountry "RUS"]
[SourceTitle "CBM 146 Extra"]
[Source "ChessBase"]
[SourceDate "2012.02.29"]
[SourceVersion "1"]
[SourceVersionDate "2012.02.29"]
[SourceQuality "1"]

1. e4 e6 2. d4 d5 3. Nc3 Nf6 4. Bg5 Bb4 5. e5 h6 6. Bd2 Bxc3 7. bxc3 Ne4 8. Bd3 Nxd2 9. Qxd2 c5 10. f4 c4 11. Be2 Qa5 12. Bf3 Nc6 13. Ne2 Bd7 14. Kf2 0-0-0 15. a4 Ne7 16. Qc1 Nf5 17. Qa3 h5 18. g3 Bc6 19. Qb4 Qc7 20. a5 a6 21. Bg2 Ne7 22. h3 Bb5 23. g4 Nc6 24. Qc5 hxg4 25. hxg4 Rxh1 26. Rxh1 Qxa5 27. Rb1 Qa2 28. Rh1 Kc7 0-1

[Event "Saratov Winter Cup school"]
[Site "Saratov"]
[Date "2011.12.26"]
[Round "2.7"]
[White "Bolychevsky, Alexander"]
[Black "Protopopova, Anastasiya"]
[Result "1-0"]
[WhiteElo "1882"]
[BlackElo "1757"]
[PlyCount "61"]
[EventDate "2011.12.26"]
[EventType "swiss"]
[EventRounds "9"]
[EventCountry "RUS"]
[SourceTitle "EXT 2022"]
[Source "ChessBase"]
[SourceDate "2021.10.06"]
[SourceVersion "1"]
[SourceVersionDate "2021.10.06"]
[SourceQuality "1"]

1. Nf3 Nf6 2. c4 e6 3. d4 b6 4. Nc3 Bb4 5. e3 Ne4 6. Bd2 Bxc3 7. Bxc3 Bb7 8. Bd3 f5 9. 0-0 0-0 10. Bb4 d6 11. Nd2 c5 12. Bxe4 fxe4 13. dxc5 bxc5 14. Bc3 d5 15. Qg4 Qe7 16. Nb3 Nd7 17. Na5 Ba6 18. f3 exf3 19. Nc6 Qf7 20. Rxf3 Nf6 21. Rxf6 Qd7 22. Qxe6+ Qxe6 23. Rxe6 Bxc4 24. Re7 Rf7 25. Rxf7 Kxf7 26. Ne5+ Kg8 27. Nxc4 dxc4 28. Rd1 Re8 29. Kf2 Re7 30. Rd8+ Kf7 31. Rc8 1-0

[Event "Saratov Autumn Cup High School Property"]
[Site "Saratov"]
[Date "2011.10.13"]
[Round "6.9"]
[White "Bolychevsky, Alexander"]
[Black "Vezinitsyn, Mikhail"]
[Result "1-0"]
[WhiteElo "1857"]
[BlackElo "1643"]
[PlyCount "81"]
[EventDate "2011.10.07"]
[EventType "swiss"]
[EventRounds "9"]
[EventCountry "RUS"]
[SourceTitle "EXT 2022"]
[Source "ChessBase"]
[SourceDate "2021.10.06"]
[SourceVersion "1"]
[SourceVersionDate "2021.10.06"]
[SourceQuality "1"]

1. Nf3 Nf6 2. c4 g6 3. Nc3 Bg7 4. e4 d6 5. d4 0-0 6. Be2 e5 7. 0-0 Nc6 8. d5 Ne7 9. Ne1 Ne8 10. Nd3 f5 11. f3 f4 12. Bd2 g5 13. c5 h5 14. Rc1 Ng6 15. b4 Nf6 16. Nf2 Qd7 17. cxd6 cxd6 18. Nb5 Ne8 19. Qc2 Rf7 20. Nxa7 Rxa7 21. Qxc8 Rxa2 22. Rfd1 Kf8 23. Qb8 Kg8 24. Rc8 Rf8 25. Bc4 Rc2 26. Rd8 Qe7 27. Bb3 Rc7 28. b5 Nf6 29. Rxf8+ Nxf8 30. Nd3 g4 31. Ba5 Rd7 32. Nc5 gxf3 33. gxf3 Kh7 34. Nxd7 N6xd7 35. Qd8 Qf7 36. Qg5 Nc5 37. Bc2 Nfd7 38. Kf2 Bf6 39. Qf5+ Kh6 40. Bc7 Be7 41. Qxf7 1-0

[Event "Saratov 08"]
[Site "Saratov"]
[Date "2011.08.21"]
[Round "8"]
[White "Bolychevsky, Alexander"]
[Black "Sayapin, Dmitry"]
[Result "0-1"]
[WhiteElo "1825"]
[BlackElo "1684"]
[PlyCount "42"]
[EventDate "2011.08.14"]
[EventType "tourn"]
[EventRounds "11"]
[EventCountry "RUS"]
[SourceTitle "CBM 144 Extra"]
[Source "ChessBase"]
[SourceDate "2011.10.28"]
[SourceVersion "1"]
[SourceVersionDate "2011.10.28"]
[SourceQuality "1"]

1. c4 e5 2. Nc3 Nf6 3. g3 d6 4. Bg2 Nc6 5. Nf3 Be6 6. d3 Be7 7. 0-0 Qd7 8. Re1 h5 9. e3 Bh3 10. Bh1 Ng4 11. Nd5 h4 12. b4 e4 13. dxe4 Nce5 14. Nxe5 dxe5 15. c5 Nxh2 16. Nxe7 Qxe7 17. Qd5 hxg3 18. Bb2 gxf2+ 19. Kxf2 Qh4+ 20. Ke2 Bg4+ 21. Kd2 Rd8 0-1

[Event "Saratov op"]
[Site "Saratov"]
[Date "2011.08.09"]
[Round "9"]
[White "Bolychevsky, Alexander"]
[Black "Dvoryadkin, Maksim"]
[Result "1/2-1/2"]
[WhiteElo "1825"]
[BlackElo "1918"]
[PlyCount "66"]
[EventDate "2011.07.28"]
[EventType "swiss"]
[EventRounds "9"]
[EventCountry "RUS"]
[SourceTitle "EXT 2012"]
[Source "ChessBase"]
[SourceDate "2011.11.24"]
[SourceVersion "1"]
[SourceVersionDate "2011.11.24"]
[SourceQuality "1"]

1. c4 c6 2. e4 d5 3. exd5 cxd5 4. cxd5 Nf6 5. Bb5+ Bd7 6. Bc4 Qc7 7. d3 b5 8. Bb3 a5 9. a4 b4 10. Nd2 Na6 11. Ne4 Nxe4 12. dxe4 Nc5 13. Bc2 b3 14. Bxb3 Nxe4 15. Qc2 Qb6 16. Qxe4 Qxb3 17. Ne2 e6 18. Nc3 Rc8 19. dxe6 Qxe6 20. Qxe6+ Bxe6 21. 0-0 Bb4 22. Be3 0-0 23. Nb5 Rfd8 24. Nd4 Bc4 25. Rfc1 Bd5 26. Rxc8 Rxc8 27. Rc1 Rd8 28. h3 h6 29. Kf1 Be4 30. Nc6 Bxc6 31. Rxc6 Rd1+ 32. Ke2 Ra1 33. Bd2 Rxa4 1/2-1/2

[Event "Saratov Summer Cup High school prop"]
[Site "Saratov"]
[Date "2011.07.06"]
[Round "7.4"]
[White "Fedorov, Oleg An"]
[Black "Bolychevsky, Alexander"]
[Result "0-1"]
[WhiteElo "1898"]
[BlackElo "1825"]
[PlyCount "100"]
[EventDate "2011.06.27"]
[EventType "swiss"]
[EventRounds "9"]
[EventCountry "RUS"]
[SourceTitle "EXT 2022"]
[Source "ChessBase"]
[SourceDate "2021.10.06"]
[SourceVersion "1"]
[SourceVersionDate "2021.10.06"]
[SourceQuality "1"]

1. Nf3 Nf6 2. Nc3 g6 3. g3 Bg7 4. Bg2 d5 5. 0-0 0-0 6. d4 Nbd7 7. Be3 Re8 8. Rb1 c6 9. Re1 e5 10. Nxe5 Nxe5 11. dxe5 Rxe5 12. Bd4 Re8 13. h3 Be6 14. b4 Qd7 15. Kh2 b5 16. e3 a5 17. a3 axb4 18. axb4 Qd8 19. e4 dxe4 20. Nxe4 Nxe4 21. Bxg7 Kxg7 22. Bxe4 Qb6 23. Qf3 Rac8 24. Rbd1 c5 25. bxc5 Qxc5 26. Kg2 Red8 27. h4 h5 28. Qf4 Rd4 29. Rxd4 Qxd4 30. Qg5 Rc5 31. Qe3 Qxe3 32. Rxe3 Bd5 33. Bxd5 Rxd5 34. Kf3 Rc5 35. c3 Kf6 36. Ke4 b4 37. Kd4 Rxc3 38. Rxc3 bxc3 39. Kxc3 Kf5 40. f3 Ke5 41. Kd3 f5 42. f4+ Kd5 43. Ke3 Kc4 44. Kf3 Kd3 45. Kg2 Ke2 46. Kg1 Kf3 47. Kh2 Kf2 48. Kh3 Kg1 49. g4 hxg4+ 50. Kg3 Kh1 0-1

[Event "Saratov Summer Cup High school prop"]
[Site "Saratov"]
[Date "2011.07.05"]
[Round "6.1"]
[White "Biryukov, Dmitriy"]
[Black "Bolychevsky, Alexander"]
[Result "1-0"]
[WhiteElo "2365"]
[BlackElo "1825"]
[PlyCount "54"]
[EventDate "2011.06.27"]
[EventType "swiss"]
[EventRounds "9"]
[EventCountry "RUS"]
[SourceTitle "EXT 2022"]
[Source "ChessBase"]
[SourceDate "2021.10.06"]
[SourceVersion "1"]
[SourceVersionDate "2021.10.06"]
[SourceQuality "1"]

1. e4 e6 2. d4 d5 3. Nd2 c5 4. exd5 Qxd5 5. dxc5 Bxc5 6. Ngf3 Nf6 7. Bc4 Qh5 8. 0-0 0-0 9. Nb3 Bb6 10. Qe2 Nc6 11. Bf4 Re8 12. Ne5 Qxe2 13. Bxe2 Nxe5 14. Bxe5 Rd8 15. Bf3 Nd7 16. Bd6 Nb8 17. Rfd1 Nc6 18. c4 a6 19. Bxc6 bxc6 20. c5 Ba7 21. Na5 Rd7 22. Nxc6 Bb7 23. Nxa7 Bd5 24. Rxd5 exd5 25. Nc6 Rb7 26. Ne7+ Kh8 27. b3 a5 1-0

[Event "Saratov Rating RSOCF"]
[Site "Saratov"]
[Date "2011.02.03"]
[Round "10.1"]
[White "Fedorov, Oleg An"]
[Black "Bolychevsky, Alexander"]
[Result "0-1"]
[WhiteElo "1850"]
[BlackElo "1811"]
[PlyCount "84"]
[EventDate "2011.01.24"]
[EventType "tourn"]
[EventRounds "11"]
[EventCountry "RUS"]
[SourceTitle "EXT 2022"]
[Source "ChessBase"]
[SourceDate "2021.10.06"]
[SourceVersion "1"]
[SourceVersionDate "2021.10.06"]
[SourceQuality "1"]

1. d4 Nf6 2. Bg5 e6 3. Nd2 Be7 4. e3 d5 5. Ngf3 0-0 6. Bd3 Nbd7 7. 0-0 c5 8. c3 a6 9. Re1 cxd4 10. exd4 h6 11. Bh4 b5 12. a4 b4 13. Bxf6 Nxf6 14. Ne5 bxc3 15. bxc3 Bd6 16. c4 dxc4 17. Ndxc4 Bc7 18. Rb1 Bd7 19. Bc2 Bxe5 20. dxe5 Nd5 21. Qd3 g6 22. Nd6 Qg5 23. a5 Nf4 24. Qf3 Bb5 25. Nxf7 Kxf7 26. g3 Kg8 27. h4 Nh3+ 28. Kg2 Rxf3 29. hxg5 Rxf2+ 30. Kxh3 Rxc2 31. gxh6 Kh7 32. Rh1 Bc6 33. Rhd1 Kxh6 34. Rd6 Kg5 35. Rb4 Rc1 36. g4 Rh8+ 37. Kg3 Rc3+ 38. Kf2 Rh2+ 39. Ke1 Rc1+ 40. Rd1 Rh1+ 41. Kf2 Rhxd1 42. Rb2 Rc3 0-1